| 000 | 01689cam a22004934i 4500 | ||
|---|---|---|---|
| 003 | PE-LiUPU | ||
| 005 | 20250731165555.0 | ||
| 008 | 150625s r 000 0 d | ||
| 035 | _a(Sirsi) a36064 | ||
| 035 | _a(Sirsi) a36064 | ||
| 040 |
_aPE-LiUPU _bspa _cPE-LiUPU _erda |
||
| 082 | 0 | 4 |
_a220.3 _bD32 _221 |
| 245 | 0 | 4 |
_aThe Westminster dictionary of the Bible,ed. / _cJohn D. Davis. |
| 264 | 1 |
_aPhiladelphia : _bThe Westminster Press, _c1944. |
|
| 300 |
_a658 páginas : _bilustraciones, mapas a color ; _c24 cm. |
||
| 336 |
_atext _2rdacontent |
||
| 337 |
_aunmediated _2rdamedia |
||
| 338 |
_avolume _2rdacarrier |
||
| 490 | 0 | _aWestminster Aids to the study of the scriptures | |
| 505 | 0 | _a(A-Z). | |
| 526 | _aSEG44 | ||
| 526 | _aSEG26 | ||
| 526 | _aP151 | ||
| 526 | _aP150 | ||
| 526 | _aP149 | ||
| 526 | _aP146 | ||
| 526 | _aP145 | ||
| 526 | _aP126 | ||
| 526 | _aP125 | ||
| 526 | _aP92 | ||
| 526 | _aP75 | ||
| 526 | _aP74 | ||
| 526 | _aP27 | ||
| 526 | _aP15 | ||
| 630 |
_aBiblia _vDiccionarios. _95969 |
||
| 700 | 1 |
_aDavis, Jhon D., _eeditor. |
|
| 910 |
_baj _cnm _d20050513 |
||
| 942 |
_2ddc _cBOOK |
||
| 949 |
_aRC 220.3 D32 _wDEWEY _c1 _i55160 _lRC _mBUL _p8.00 _r0 _sY _tBOOK _u2015-6-25 _xTEOLOGIA _zUNKNOWN _0COMPRA _o.CIRCNOTE. No olvidar cambiar la fecha de devolución!!!!!!! _o.STAFF. Colección General |
||
| 994 |
_aC0 _bPEPRU |
||
| 596 | _a1 | ||
| 999 |
_aRC 220.3 D32 _wDEWEY _c44096 _i55160 _d44096 _f2021-11-8 _g6 _lCCODEBUL1 _mBUL _p8.00 _q1 _r1 _sY _tBOOK _u2015-6-25 _xTEOLOGIA _zUNKNOWN _0COMPRA _o.CIRCNOTE. No olvidar cambiar la fecha de devolución!!!!!!! _o.STAFF. Colección General |
||
| 980 |
_81 _gALBERTO SANCHEZ Responsable de Automatización |
||